Hiragana Alphabet Quiz - Statistics

General Stats
  • This quiz has been taken 371 times
  • The average score is 41 of 46
Answer Stats
にほんご English % Correct
N
98%
U
95%
A
94%
I
94%
E
93%
Ku
93%
No
93%
Ka
92%
Ko
92%
O
92%
Ki
90%
Na
90%
Shi
90%
Te
90%
To
90%
Chi
89%
He
89%
Hi
89%
Ke
89%
Ma
89%
Mi
89%
Mo
89%
Sa
89%
So
89%
Su
89%
Ri
88%
Ro
88%
Se
88%
Wa
88%
Me
87%
Nu
87%
Ru
87%
Ta
87%
Tsu
87%
Fu
86%
Ha
86%
Ho
86%
Mu
86%
Ne
86%
Ni
86%
Ya
86%
Yo
85%
Ra
84%
Yu
84%
Re
83%
Wo
78%
No matching quizzes found
Score Distribution
Percent of People with Each Score
Percentile by Number Answered
Your Score History
You have not taken this quiz